000 00582nam a22001577a 4500
003 NUST
038 _aNusrat Nadeem
082 _a200
100 _aRiaz, Ayesha
_9130691
245 _aWhat personal perception factors help AI personal assistants build user’s trust and satisfaction among the university students in Pakistan?/
_cAyesha Riaz,
264 _aIslamabad:
_bS3H NUST.
_c2025.
650 _aMS-Mass Communication
_9114380
700 _aSupervisor: Dr. Muhammad Umar Nadeem
_9125647
856 _u http://10.250.8.41:8080/xmlui/handle/123456789/55063
942 _2ddc
_cSC
999 _c614860
_d614860